|
|
|
|
| LEADER |
00785nta a2200193 i 4500 |
| 001 |
dipl86419 |
| 005 |
20200826071430.0 |
| 008 |
200818s2018 hu om 0|| hun d |
| 040 |
|
|
|a SZTE Diploma Repozitórium
|b hun
|
| 041 |
|
|
|a hun
|
| 100 |
1 |
|
|a Kovács Szilvia
|
| 245 |
1 |
0 |
|a Recens feszültségtér vizsgálatának lehetőségei fúrólyukban
|h [elektronikus dokumentum] /
|c Szilvia Kovács
|
| 246 |
1 |
0 |
|a Determination of present-day stress field in boreholes
|h [elektronikus dokumentum]
|
| 260 |
|
|
|c 2018
|
| 650 |
|
4 |
|a Természettudományok
|
| 650 |
|
4 |
|a Mineralogy, petrology, igneous petrology, metamorphic petrology
|
| 700 |
0 |
1 |
|a Schubert Félix
|e ths
|
| 700 |
0 |
1 |
|a Körmös Sándor
|e ths
|
| 856 |
4 |
0 |
|u https://diploma.bibl.u-szeged.hu/id/eprint/86419/2/2019_kovacs_szilvia.pdf
|z Dokumentum-elérés
|